Learning Resource and Development

Enhancing business continuity and it capability : (Record no. 28573)

MARC details
000 -LEADER
fixed length control field 02736cam a22004575i 4500
001 - CONTROL NUMBER
control field 21563843
003 - CONTROL NUMBER IDENTIFIER
control field CSPC
005 - DATE AND TIME OF LATEST TRANSACTION
control field 20241216090713.0
008 - FIXED-LENGTH DATA ELEMENTS--GENERAL INFORMATION
fixed length control field 200612s2021 flu b 001 0 eng
010 ## - LIBRARY OF CONGRESS CONTROL NUMBER
LC control number 2020940551
020 ## - INTERNATIONAL STANDARD BOOK NUMBER
International Standard Book Number 9780367616984
Qualifying information (hardback)
040 ## - CATALOGING SOURCE
Original cataloging agency DLC
Language of cataloging eng
Description conventions rda
Transcribing agency DLC
Modifying agency CSPC
042 ## - AUTHENTICATION CODE
Authentication code pcc
082 04 - DEWEY DECIMAL CLASSIFICATION NUMBER
Edition number 23
Classification number 658.477
Item number B167e
100 1# - MAIN ENTRY--PERSONAL NAME
Personal name Bajgorić, Nijaz,
Relator term author.
245 10 - TITLE STATEMENT
Title Enhancing business continuity and it capability :
Remainder of title system administration and server operating platforms /
Statement of responsibility, etc. Nijaz Bajgorić, [and 3 others].
263 ## - PROJECTED PUBLICATION DATE
Projected publication date 2012
264 #1 - PRODUCTION, PUBLICATION, DISTRIBUTION, MANUFACTURE, AND COPYRIGHT NOTICE
Place of production, publication, distribution, manufacture Boca Raton, FL :
Name of producer, publisher, distributor, manufacturer CRC Press,
Date of production, publication, distribution, manufacture, or copyright notice 2021.
300 ## - PHYSICAL DESCRIPTION
Extent xviii, 289 pages ;
Dimensions 24 cm.
336 ## - CONTENT TYPE
Content type term text
Content type code txt
Source rdacontent
337 ## - MEDIA TYPE
Media type term unmediated
Media type code n
Source rdamedia
338 ## - CARRIER TYPE
Carrier type term volume
Carrier type code nc
Source rdacarrier
500 ## - GENERAL NOTE
General note "An Auerbach book"
504 ## - BIBLIOGRAPHY, ETC. NOTE
Bibliography, etc. note Includes bibliographical references and index.
505 0# - FORMATTED CONTENTS NOTE
Formatted contents note Introduction: downtime and modern business -- Economics of downtime -- Business continuity and IT capability -- Server operating environments for business continuity -- System administration and business continuity -- Enhancing availability and business continuity: methods, techniques, and technologies -- IT auditing - system administration - business continuity - IT capability -- IT capability and organizational business performance -- Development of IT capability -- Real-world stories.
520 ## - SUMMARY, ETC.
Summary, etc. "This book addresses several aspects of how modern server operation environments and system administration can help in reducing downtime and ensuring higher levels of applications availability. The book first introduces the concepts of system downtime, business continuity, business continuity management, disaster recovery, disaster recovery management, and IT capability. It presents the main high availability features of modern servers, server operating environments, and establishes some connections between these concepts and technologies on one side and IT capability and firm's performances on the other side"--
Assigning source Provided by publisher.
650 #0 - SUBJECT ADDED ENTRY--TOPICAL TERM
Topical term or geographic name entry element Business continuity.
650 #0 - SUBJECT ADDED ENTRY--TOPICAL TERM
Topical term or geographic name entry element System administration.
650 #0 - SUBJECT ADDED ENTRY--TOPICAL TERM
Topical term or geographic name entry element Server computers
Form subdivision Management.
650 #0 - SUBJECT ADDED ENTRY--TOPICAL TERM
Topical term or geographic name entry element Information technology
Form subdivision Management.
650 #0 - SUBJECT ADDED ENTRY--TOPICAL TERM
Topical term or geographic name entry element Disaster recovery (Computer science).
650 #0 - SUBJECT ADDED ENTRY--TOPICAL TERM
Topical term or geographic name entry element Strategic planning.
650 #0 - SUBJECT ADDED ENTRY--TOPICAL TERM
Topical term or geographic name entry element Computer networks
Form subdivision Security measures.
700 1# - ADDED ENTRY--PERSONAL NAME
Personal name Turulja, Lejla,
Relator term author.
700 1# - ADDED ENTRY--PERSONAL NAME
Personal name Ibrahimović, Semir,
Relator term author.
700 1# - ADDED ENTRY--PERSONAL NAME
Personal name Alagic, Amra,
Relator term author.
906 ## - LOCAL DATA ELEMENT F, LDF (RLIN)
a 0
b ibc
c orignew
d 2
e epcn
f 20
g y-gencatlg
942 ## - ADDED ENTRY ELEMENTS (KOHA)
Source of classification or shelving scheme Dewey Decimal Classification
Koha item type Books
Edition 23
Classification part 658.477
Item part B167e
Call number prefix CIR
Call number suffix 2021
Suppress in OPAC No
Holdings
Withdrawn status Lost status Source of classification or shelving scheme Damaged status Not for loan Home library Current library Shelving location Date acquired Total Checkouts Full call number Barcode Date last seen Copy number Price effective from Koha item type
    Dewey Decimal Classification     Main Library Main Library Circulation Section 12/16/2024   CIR 658.477 B167e 2021 028575 12/16/2024 1-1 12/16/2024 Books